Sourcebook on the foundations of social protection delivery systems /

Bibliographic Details
Other Authors: Lindert, Kathy, (Editor)
Format: eBook
Language:English
Published: Washington, District of Columbia : World Bank Group, [2020]
Subjects:
Online Access:Click to View
LEADER 01592nam a2200385 i 4500
001 EBC6386758
003 MiAaPQ
005 20210421201901.0
006 m o d |
007 cr cnu||||||||
008 210421s2020 dcu o 000 0 eng d
020 |z 9781464815775  |q (print) 
020 |z 9781464815782  |q (electronic bk.) 
035 |a (MiAaPQ)EBC6386758 
035 |a (Au-PeEL)EBL6386758 
035 |a (OCoLC)1206394679 
040 |a MiAaPQ  |b eng  |e rda  |e pn  |c MiAaPQ  |d MiAaPQ 
050 4 |a HV31  |b .S687 2020 
082 0 |a 361  |2 23 
245 0 0 |a Sourcebook on the foundations of social protection delivery systems /  |c Kathy Lindert [and three others] editors. 
264 1 |a Washington, District of Columbia :  |b World Bank Group,  |c [2020] 
264 4 |c 2020 
300 |a 1 online resource (475 pages) 
336 |a text  |b txt  |2 rdacontent 
337 |a computer  |b c  |2 rdamedia 
338 |a online resource  |b cr  |2 rdacarrier 
588 |a Description based on print version record. 
590 |a Electronic reproduction. Ann Arbor, MI : ProQuest, 2018. Available via World Wide Web. Access may be limited to ProQuest affiliated libraries. 
650 0 |a Public welfare. 
650 0 |a Social policy. 
655 4 |a Electronic books. 
700 1 |a Lindert, Kathy,  |e editor. 
776 0 8 |i Print version:  |t Sourcebook on the foundations of social protection delivery systems.  |d Washington, District of Columbia : World Bank Group, c2020   |h 475 pages   |z 9781464815775 
797 2 |a ProQuest (Firm) 
856 4 0 |u https://ebookcentral.proquest.com/lib/matrademy/detail.action?docID=6386758  |z Click to View